| 000 | 00567nam a22001817a 4500 | ||
|---|---|---|---|
| 005 | 20260306130836.0 | ||
| 008 | 260306b |||||||| |||| 00| 0 eng d | ||
| 020 | _a9781316614761 | ||
| 050 |
_aQP 519.7 _b.W85 |
||
| 100 | _aAndreas Hofmann | ||
| 245 | _aWilson and Walks Principles and Techniques of Teaching Biochemistry and Molecular Biology | ||
| 250 | _a8th | ||
| 260 |
_aUnited Kingdom _bCambridge University Press _c2018 |
||
| 300 |
_axxvii, _bill |
||
| 650 |
_aBiochemistry Textbooks _vMolecular Biology Textbooks |
||
| 700 | _aSamuel Clokie | ||
| 942 | _cBK | ||
| 999 |
_c4597 _d4597 |
||